000 00771nam a22001817a 4500
005 20230912125958.0
010 _aHIN-125914
020 _a9789354090394
_c115.00
035 _aHN-98260
082 _a920
100 _aरावल, पंडितराव
_956416
245 _aश्री अरविन्दायान /
_cपंडितराव रावल
260 _bप्रकाशन विभाग
_c2020
_aनई दिल्ली
270 _aसी. जी. ओ. काम्प्लेक्स, लोधी रोड
_bनई दिल्ली
_e110003
300 _a73 पृ.
_c25 सेमी.(अजिल्द)
700 _aआग्रवाल,दीपक
_955805
942 _2ddc
_cHN
_h920
_mरावल
999 _c198025
_d198025